000 01009nam a2200313Ia 4500
001 dia_327
003 CHAP
005 20251021145815.0
008 220601s9999 xx 000 0 und d
020 _a970-10-0669-6
040 _cCHAP
082 _a627 F69 1995
100 _aFox, Robert W.
_942818
245 _aIntroducción a la mecánica de fluidos / Robert W. Fox y Alan T. McDonald ; traducción Gabriel Nagore Cázares
250 _a2a ed.
260 _aMéxico : McGraw-Hill
300 _axvii, 915 p.
500 _aTítulo original: Introduction to Fluid Mechanics
503 _aI. 194518 (ej.1) \ I. 200725 (ej.2)
504 _aIncluye bibliografías
590 _aTA357 F69 1995
650 _a1. Mecánica de fluidos
650 _aFluids mechanics
700 _aMcDonald, Alan T., coaut. \ Nagore Cázares, Gabriel, tr.Ì
_9175724
901 _a627 F69 1995
902 _aM
905 _a5232271995 mx aimn8222223322spa16
942 _cLIBRO
_2ddc
999 _c209272
_d209272